Délmagyarország. - 1946. május 30., Csütörtök
Elmentve itt :
| Dokumentumtípus: | Újság |
|---|---|
| Megjelent: |
1946-05-30
|
| Sorozat: | Délmagyarország
3 No. 121 |
| Online Access: | http://dmarchiv.bibl.u-szeged.hu/10741 |
| LEADER | 00492nas a2200145 i 4500 | ||
|---|---|---|---|
| 001 | delm10741 | ||
| 005 | 20200414154635.0 | ||
| 008 | 171214s1946 hu n o 0|| hun d | ||
| 022 | |a 0133-025X | ||
| 040 | |a SZTE Délmagyarország Archívum |b hun | ||
| 041 | |a hun | ||
| 245 | 0 | 0 | |a Délmagyarország. - 1946. május 30., Csütörtök |h [elektronikus dokumentum] |
| 260 | |c 1946-05-30 | ||
| 490 | 0 | |a Délmagyarország |v 3 No. 121 | |
| 856 | 4 | 0 | |u http://dmarchiv.bibl.u-szeged.hu/10741/1/dm_1946_121.pdf |z Dokumentum-elérés |